Statistics for A ile Başlayan Ülkeler

Click here to take the quiz!

General Stats

  • This quiz has been taken 2 831 times
  • The average score is 7 of 11

Answer Stats

Ülke% Correct
Almanya
86%
Amerika Birleşik Devletleri
86%
Avusturya
73%
Avustralya
70%
Arnavutluk
65%
Azerbaycan
62%
Andorra
61%
Angola
57%
Arjantin
54%
Afganistan
52%
Antigua ve Barbuda
26%

Score Distribution

Percentile by Number Answered

Percent of People with Each Score

Your Score History

You have not taken this quiz